[Event "AUS-ch reserves"]
[Site "Melbourne"]
[Date "2002.01.08"]
[Round "10"]
[White "Sahar, Itshak"]
[Black "Ivanov, Nikola"]
[Result "1-0"]
[WhiteElo "1742"]
[BlackElo "1449"]
[PlyCount "65"]
[EventDate "2001.12.28"]
[EventType "swiss"]
[EventRounds "11"]
[EventCountry "AUS"]
[SourceTitle "EXT 2003"]
[Source "ChessBase"]
[SourceDate "2002.11.25"]
[SourceVersion "1"]
[SourceVersionDate "2002.11.25"]
[SourceQuality "1"]

1. Nf3 Nc6 2. d4 Nf6 3. d5 Nb4 4. c4 c6 5. Nc3 g6 6. a3 Na6 7. e4 Bg7 8. Be3 Ng4 9. Bd4 Bxd4 10. Qxd4 0-0 11. h3 Nf6 12. e5 Nh5 13. g4 Ng7 14. Bg2 Qa5 15. 0-0 Qc7 16. Rac1 d6 17. exd6 exd6 18. Rfe1 Nc5 19. Rcd1 Nb3 20. Qf4 c5 21. Ne4 Ne8 22. Nf6+ Nxf6 23. Qxf6 Bd7 24. Re3 Ba4 25. Rde1 Na5 26. Nd2 Rae8 27. h4 Qd8 28. Qxd8 Rxd8 29. b4 Rfe8 30. Rxe8+ Bxe8 31. bxa5 Kf8 32. f4 a6 33. Rb1 1-0